000 00404nam a2200145Ia 4500
008 191206s9999 xx 000 0 und d
020 _a0198319274 :
090 _aPR2823.A2G77
245 0 _aMacbeth
260 _aClarendon Press
260 _bNew Clarendon Shakespeare
260 _cc1975 [i.e. 1976]
300 _a191 p. : 1 ill. ; 17 cm.
999 _c16373
_d16373